Normal view
MARC view
- Shortwave radio
Entry Corporate Name
001 - CONTROL NUMBER
- control field: 105509
003 - CONTROL NUMBER IDENTIFIER
- control field: NUST
005 - DATE AND TIME OF LATEST TRANSACTION
- control field: 20221221115846.0
008 - FIXED-LENGTH DATA ELEMENTS
- fixed length control field: 221221|| aca||aabn | a|a d
040 ## - CATALOGING SOURCE
- Original cataloging agency: NUST
- Transcribing agency: NUST
110 ## - HEADING--CORPORATE NAME
- Corporate name or jurisdiction name as entry element: Shortwave radio
670 ## - SOURCE DATA FOUND
- Source citation: Work cat.: (NUST)183068: Thomson, John 105508, Radio communication at ultra high frequency /, 1950
